Podniky, ktorých sa týkajú rozšírené požiadavky na vykazovanie informácií vo výročnej správe v roku 2018

Európska legislatíva upravujúca vykazovanie a zverejňovanie finančných a nefinančných informácií. Vykazovanie finančných a nefinančných informácií v SR upravované v zákone o účtovníctve. Dôležité informácie vo výročnej správe účtovnej jednotky. Zmeny v rozšírení a spresnení požiadaviek na obsah výro...

Description complète

Enregistré dans:
Détails bibliographiques
Auteur principal: Pakšiová, Renáta, 1974-
Format: Chapitre de livre
Langue:slovaque
Sujets:
Tags: Ajouter un tag
Pas de tags, Soyez le premier à ajouter un tag!

MARC

LEADER 00000naa a2200000 4500
001 0245584
005 20240502073943.3
041 0 |a slo 
044 |a SK 
245 1 0 |a Podniky, ktorých sa týkajú rozšírené požiadavky na vykazovanie informácií vo výročnej správe v roku 2018  |c Renáta Pakšiová 
520 |a Európska legislatíva upravujúca vykazovanie a zverejňovanie finančných a nefinančných informácií. Vykazovanie finančných a nefinančných informácií v SR upravované v zákone o účtovníctve. Dôležité informácie vo výročnej správe účtovnej jednotky. Zmeny v rozšírení a spresnení požiadaviek na obsah výročnej správy týkajúce sa vybraných účtovných jednotiek. 
610 2 0 |a účtovníctvo 
610 2 0 |a jednotka účtovná 
610 2 0 |a správy výročné 
610 2 0 |a informácie 
610 2 0 |a smernice 
610 2 0 |a legislatíva 
100 1 |a Pakšiová, Renáta, 1974-